LEADER 01127nas 2200373-a 450 001 996417579703316 005 20240112213020.0 035 $a(OCoLC)182817422 035 $a(CKB)110978976774907 035 $a(CONSER)--2007254010 035 $a(EXLCZ)99110978976774907 100 $a20071205a19569999 s-- - 101 0 $adut 135 $aur||||||||||| 181 $ctxt$2rdacontent 182 $cc$2rdamedia 183 $acr$2rdacarrier 200 00$aBeleggers belangen 210 $aAmsterdam $cReed Business Information BV (Radarweg) 311 $a0005-8343 606 $aStockholders$zNetherlands$vPeriodicals 606 $aFinance$zNetherlands$vPeriodicals 606 $aFinance$2fast$3(OCoLC)fst00924349 606 $aStockholders$2fast$3(OCoLC)fst01133680 607 $aNetherlands$2fast$1https://id.oclc.org/worldcat/entity/E39PBJk4D96j3YTHJQfHCV3vpP 608 $aPeriodicals.$2fast 615 0$aStockholders 615 0$aFinance 615 7$aFinance. 615 7$aStockholders. 906 $aJOURNAL 912 $a996417579703316 996 $aBeleggers belangen$92183851 997 $aUNISA LEADER 03106nam 22005653 450 001 996565572803316 005 20231009084510.0 010 $a90-485-5815-8 024 7 $a10.1515/9789048558155 035 $a(CKB)27291323200041 035 $a(MiAaPQ)EBC30607324 035 $a(Au-PeEL)EBL30607324 035 $a(DE-B1597)663279 035 $a(DE-B1597)9789048558155 035 $a(OCoLC)1381165174 035 $a(EXLCZ)9927291323200041 100 $a20231009d2023 uy 0 101 0 $aeng 135 $aurcnu|||||||| 181 $ctxt$2rdacontent 182 $cc$2rdamedia 183 $acr$2rdacarrier 200 14$aThe Riddle of Literary Quality $eA Computational Approach 205 $a1st ed. 210 1$aAmsterdam :$cAmsterdam University Press,$d2023. 210 4$dİ2023. 215 $a1 online resource (234 pages) 311 $a9789048558148 327 $tFrontmatter -- $tContents -- $t1. The Riddle -- $t2. The National Reader Survey -- $t3. Romance, Suspense, and Translations -- $t4. Literary Novels Written by Women -- $t5. Literary Novels Written by Men -- $t6. Style, Gender, and Genre -- $t7. The Riddle of Literary Quality Solved? -- $tAppendix 1: The Survey -- $tAppendix 2: The Books -- $tAppendix 3: The Website -- $tBibliography -- $tTables -- $tFigures -- $tAcknowledgements -- $tIndex 330 $aWhat is literature? Can we measure 'literariness' in texts themselves? The innovative Computational Humanities project The Riddle of Literary Quality asked thousands of Dutch readers for their opinion about contemporary Dutch and translated novels. The public shared which novels they had read, what they really thought of them, and how they judged their quality. Their judgments of the same novels were compared with the results of computational analysis of the books. Using evidence from almost 14,000 readers and building on more textual data than ever before, Van Dalen-Oskam and her team uncovered unconscious biases that shed new light on prejudices many people assumed no longer existed. This monograph explains in an accessible way how the project unfolded, which methods were used, and how the results may change the future of Literary Studies. 606 $aCriticism$xData processing 606 $aDigital humanities$xData processing 606 $aDutch literature$xHistory and criticism 606 $aText data mining$zNetherlands 606 $aLANGUAGE ARTS & DISCIPLINES / Writing / Fiction Writing$2bisacsh 610 $aComputational Literary Studies, Literary fiction, Bestsellers, Bias, Readability. 615 0$aCriticism$xData processing. 615 0$aDigital humanities$xData processing. 615 0$aDutch literature$xHistory and criticism. 615 0$aText data mining 615 7$aLANGUAGE ARTS & DISCIPLINES / Writing / Fiction Writing. 676 $a801.950285 700 $avan Dalen-Oskam$b Karina$01429664 801 0$bMiAaPQ 801 1$bMiAaPQ 801 2$bMiAaPQ 906 $aBOOK 912 $a996565572803316 996 $aThe Riddle of Literary Quality$93568852 997 $aUNISA